Gaming Quiz

Random Gaming or Mario Quiz

Mario Kart Wii Characters Quiz Stats

 Plays Quiz Updated Apr 4, 2015

Challenge
Share
Tweet
Score 0/24 Timer 06:00
7 Plays Today
% Correct
Mario
96.5%
Luigi
95.2%
Peach
93%
Wario
92.8%
Donkey Kong
92.8%
Bowser
92.2%
Toad
89.6%
Yoshi
89%
Baby Mario
87%
Baby Luigi
85.5%
Waluigi
85.1%
King Boo
85.1%
% Correct
Baby Peach
85%
Bowser Jr.
84.1%
Diddy Kong
83.7%
Daisy
80.4%
Baby Daisy
78.2%
Koopa Troopa
78%
Toadette
75%
Dry Bones
68.7%
Birdo
63.3%
Rosalina
60.6%
Dry Bowser
55.4%
Funky Kong
52.6%

You're not logged in!

Compare scores with friends on all Sporcle quizzes.
OR
Log In

You Might Also Like...

Show Comments

Extras

Top Quizzes Today


Score Distribution

Your Account Isn't Verified!

In order to create a playlist on Sporcle, you need to verify the email address you used during registration. Go to your Sporcle Settings to finish the process.

Report this User

Report this user for behavior that violates our Community Guidelines.

Details: